Vitales medidas económicas en el Congreso de la República
Enregistré dans:
| Format: | Texte |
|---|---|
| Sujets: | |
| Tags: |
Ajouter un tag
Pas de tags, Soyez le premier à ajouter un tag!
|
MARC
| LEADER | 00000 a a2200000 04500 | ||
|---|---|---|---|
| 001 | 11396 | ||
| 003 | |||
| 040 | |||
| 245 | |a Vitales medidas económicas en el Congreso de la República | ||
| 650 | |a PARLAMENTO | ||
| 650 | |a PODER LEGISLATIVO | ||
| 773 | |g volumen 27, número 114; páginas 9-10 | ||
| 999 | |c 38472 |d 38472 | ||
